000 00674nam a2200205Ia 4500
005 20241129110150.0
008 241129s9999||||xx |||||||||||||| ||und||
037 _aTB
040 _aARTS
_bpun
_cARTS
041 _apun
_2pun
084 _aQ8441:33 153R0
_qARTS
100 _aਸਿੰਘ, ਸੋਹਨ, ਚ।
245 0 _aਬਾਬਾ ਨਾਨਕ
_cਸਿੰਘ, ਸੋਹਨ, ਚ।
260 _aਲੁਧਿਆਨਾ, ਭਾਰਤ
_bਲੁਧਿਆਨਾ ਲਾਹੌਰ ਬੁੱਕ ਸ਼ਾਪ
_c2022
300 _a135ਪ੍ਰ0
365 _aINR
_b180
650 _aSikkhism
_9726471
942 _cTB
_hQ8441:33 153R0
999 _c1227562
_d1227562